00426nam a2200145Ia 4500003000400000005001700004008004100021040001800062041000800080100004100088110001300129245007600142260002000218710004200238OSt20260310114339.0211028s2012 xx 000 0 und d cAIMIT LIBRARY aeng aK, Ravichandra; R, Manimozhi.g91723 aRuban S. aRe engineering and integrating users interaction module with I- space / aMangalorec2012 ai-Point Interactive Solutions Pvt Ltd